=LDR 00000nam 2200000 4500 =001 INLIS000000000033643 =005 20130612135603 =008 ***********************************ind** =035 ##$$0010-061300000033643 =041 ##$$a ind =082 ##$$a 618.2 =090 ##$$a 618.2, Sri,w =100 ##$$a Sri Rahayu,Niken =245 ##$$a Waspadai =260 ##$$a 2010 $b Yogyakarta =300 ##$$a 118 hlm., 20 cm =650 ##$$a Kehamilan =700 ##$$a Sandra,meita =850 ##$$a NBPNMAT